[Event "SR 2. liga A 2012/2013"]
[Site "?"]
[Date "2013.03.17"]
[Round "64.7"]
[White "Padysak, Tomas"]
[Black "Povysil, Peter"]
[Result "1-0"]
[WhiteElo "2035"]
[BlackElo "1993"]
[PlyCount "65"]
[EventDate "2012.??.??"]
[WhiteTeam "KSN"]
[BlackTeam "Krasnany"]

1. e4 e6 2. d3 d5 3. Qe2 Be7 4. g3 Nc6 5. Nf3 dxe4 6. dxe4 e5 7. c3 Nf6 8. Bg2
O-O 9. O-O Bg4 10. Qc2 Bxf3 11. Bxf3 Qd7 12. Nd2 a5 13. Nc4 Bc5 14. Ne3 Qh3 15.
Bg2 Qh5 16. Nf5 Rad8 17. h3 Rd7 18. g4 Nxg4 19. hxg4 Qxg4 20. Be3 Bxe3 21. Nxe3
Qh5 22. Rad1 Re7 23. Rd5 Re6 24. Qd1 Qg6 25. Qg4 Ne7 26. Qxg6 Nxg6 27. Rfd1 Nf4
28. Rxa5 c6 29. f3 b6 30. Ra6 Rg6 31. Rxb6 Nxg2 32. Nxg2 f5 33. exf5 1-0

[Event "SR 2. liga A 2012/2013"]
[Site "?"]
[Date "2013.03.17"]
[Round "64.8"]
[White "Mandak, Miroslav"]
[Black "Sklars, Tomas"]
[Result "1-0"]
[WhiteElo "1973"]
[BlackElo "2003"]
[PlyCount "87"]
[EventDate "2012.??.??"]
[WhiteTeam "Krasnany"]
[BlackTeam "KSN"]

1. d4 Nf6 2. Nf3 g6 3. g3 Bg7 4. Bg2 d6 5. O-O O-O 6. c4 c6 7. Nc3 Qa5 8. Bd2
Qh5 9. Bg5 h6 10. Bxf6 Bxf6 11. Ne1 Qa5 12. Nc2 Nd7 13. Qd2 Bg7 14. Rfd1 Qa6
15. b3 c5 16. Nd5 Rb8 17. Nxe7+ Kh7 18. e3 Qb6 19. Rab1 Nf6 20. Nxc8 Rbxc8 21.
Qd3 Rcd8 22. h4 Qc7 23. Bf3 h5 24. Kg2 Qc8 25. b4 b6 26. bxc5 dxc5 27. a4 Qa6
28. Qb3 Nd7 29. Na3 Rfe8 30. Nb5 Qa5 31. Nd6 cxd4 32. Nxe8 Nc5 33. Qb5 Qxb5 34.
axb5 Rxe8 35. exd4 Ne6 36. Bc6 Re7 37. d5 Nd8 38. Re1 Rxe1 39. Rxe1 Bf6 40. Re2
Kg7 41. Ra2 g5 42. hxg5 Bxg5 43. Rxa7 Kf6 44. f4 1-0

[Event "SR 2. liga A 2012/2013"]
[Site "?"]
[Date "2013.03.17"]
[Round "65.1"]
[White "Zatko, Gregor"]
[Black "Pagerka, Martin"]
[Result "1-0"]
[WhiteElo "2148"]
[BlackElo "2261"]
[PlyCount "99"]
[EventDate "2012.??.??"]
[WhiteTeam "DNV B"]
[BlackTeam "Osuske B"]

1. Nf3 c5 2. g3 Nc6 3. Bg2 g6 4. O-O Bg7 5. d3 e6 6. e4 Nge7 7. Nbd2 O-O 8. Re1
d6 9. c3 Rb8 10. a4 a6 11. Nf1 b5 12. axb5 axb5 13. d4 cxd4 14. cxd4 d5 15. e5
Qb6 16. Ne3 b4 17. b3 Bd7 18. h4 Ra8 19. Rxa8 Rxa8 20. h5 Ra2 21. hxg6 hxg6 22.
Ng4 Nf5 23. Be3 Qa7 24. Nf6+ Bxf6 25. exf6 Nxe3 26. fxe3 Qb8 27. Kh2 Qd8 28.
Ne5 Qxf6 29. Nxd7 Qf2 30. Rg1 Qxe3 31. Nf6+ Kg7 32. Rf1 Nxd4 33. Ng4 Qc3 34.
Ne5 Nf5 35. Qe1 Qb2 36. Rg1 Ra8 37. Rf1 Rh8+ 38. Kg1 Qd4+ 39. Rf2 Ra8 40. Kh2
Ne3 41. Rxf7+ Kg8 42. Rf3 Nf5 43. Nxg6 Kf7 44. Nh4 Rh8 45. Bh3 Qb2+ 46. Rf2 Qc3
47. Qxc3 bxc3 48. Nxf5 Rxh3+ 49. Kxh3 exf5 50. Kg2 1-0

[Event "SR 2. liga A 2012/2013"]
[Site "?"]
[Date "2013.03.17"]
[Round "65.2"]
[White "Jozefek, Michal"]
[Black "Odler, Daniel"]
[Result "1-0"]
[WhiteElo "2060"]
[BlackElo "2110"]
[PlyCount "83"]
[EventDate "2012.??.??"]
[WhiteTeam "Osuske B"]
[BlackTeam "DNV B"]

1. d4 d5 2. c4 c6 3. Nf3 Nf6 4. e3 Bf5 5. Nc3 e6 6. Nh4 Bg6 7. Qb3 Qb6 8. c5
Qc7 9. Qa4 Nbd7 10. b4 Ne4 11. Nxe4 Bxe4 12. f3 Be7 13. fxe4 Bxh4+ 14. g3 Bxg3+
15. hxg3 Qxg3+ 16. Ke2 Qg4+ 17. Kf2 Nf6 18. Bg2 Nxe4+ 19. Bxe4 Qxe4 20. Bd2 h5
21. b5 Qd3 22. Ke1 cxb5 23. Qd1 Qe4 24. Rxh5 O-O-O 25. Qe2 g6 26. Rh2 g5 27.
Qf2 f5 28. Ke2 e5 29. dxe5 Qxe5 30. Rah1 Rhe8 31. Kf1 d4 32. exd4 Rxd4 33. Rh7
Qd5 34. Rh8 Rxd2 35. Rxe8+ Kd7 36. Rh7+ Kxe8 37. Qe3+ Qe4 38. Qxd2 Qf3+ 39. Ke1
Qg3+ 40. Kd1 Qg1+ 41. Qe1+ Qxe1+ 42. Kxe1 1-0

[Event "SR 2. liga A 2012/2013"]
[Site "?"]
[Date "2013.03.17"]
[Round "65.3"]
[White "Svaralova, Monika"]
[Black "Spacek, Oliver"]
[Result "0-1"]
[WhiteElo "2021"]
[BlackElo "1977"]
[PlyCount "64"]
[EventDate "2012.??.??"]
[WhiteTeam "DNV B"]
[BlackTeam "Osuske B"]

1. d4 g6 2. c4 Bg7 3. Nc3 d6 4. e4 Nc6 5. Be3 e5 6. d5 Nd4 7. Nb5 c5 8. dxc6
bxc6 9. Nxd4 exd4 10. Bxd4 Qa5+ 11. Ke2 Nf6 12. Bxf6 Bxf6 13. Qxd6 Be6 14.
Qxc6+ Kf8 15. Rd1 Rc8 16. Qd6+ Kg7 17. Qa3 Qh5+ 18. f3 Bxc4+ 19. Kf2 Bxf1 20.
Kxf1 Qb5+ 21. Ne2 Rc2 22. Qe3 Qxb2 23. Kf2 Rd8 24. Rxd8 Bxd8 25. Qd3 Bb6+ 26.
Ke1 Qb1+ 27. Qd1 Qb4+ 28. Kf1 Rxa2 29. g3 Qb2 30. Kg2 Qxe2+ 31. Qxe2 Rxe2+ 32.
Kh3 Re3 0-1

[Event "SR 2. liga A 2012/2013"]
[Site "?"]
[Date "2013.03.17"]
[Round "65.5"]
[White "Jurcak, Marian"]
[Black "Gasa, Patrik"]
[Result "0-1"]
[WhiteElo "1872"]
[BlackElo "1906"]
[PlyCount "132"]
[EventDate "2012.??.??"]
[WhiteTeam "DNV B"]
[BlackTeam "Osuske B"]

1. d4 Nf6 2. c4 e6 3. Nf3 d5 4. Nc3 c6 5. e3 Bd6 6. c5 Bc7 7. Bd3 O-O 8. O-O
Nbd7 9. b4 e5 10. dxe5 Nxe5 11. Nxe5 Bxe5 12. Qc2 h6 13. f4 Bc7 14. Ne2 Re8 15.
Ng3 Ng4 16. Rf3 Nf6 17. h3 a5 18. Bd2 axb4 19. Bxb4 Ba5 20. Bxa5 Qxa5 21. Nf5
Bxf5 22. Bxf5 Ne4 23. Bxe4 Rxe4 24. Qb2 Qxc5 25. Qxb7 Ra3 26. Qc8+ Kh7 27. Qf5+
Kg8 28. Qc8+ Qf8 29. Qxc6 Qe7 30. Qc8+ Kh7 31. Qf5+ g6 32. Qxd5 Rexe3 33. Raf1
Rad3 34. Qc4 Rxf3 35. Rxf3 Rxf3 36. gxf3 Qe1+ 37. Qf1 Qg3+ 38. Qg2 Qxf4 39. Qf1
Qg3+ 40. Qg2 Qe1+ 41. Qf1 Qg3+ 42. Kh1 Qf4 43. Qe2 Qg3 44. Qg2 Qe1+ 45. Qg1 Qh4
46. Qg4 Qe1+ 47. Kh2 Qd2+ 48. Qg2 Qf4+ 49. Kg1 Kg8 50. Qf2 g5 51. Kg2 h5 52.
Qe2 Kg7 53. a3 Qd4 54. Qf2 Qxf2+ 55. Kxf2 Kf8 56. Ke3 f5 57. Kf2 Ke7 58. Kg3
Kd6 59. h4 g4 60. Kf4 Kc5 61. Kxf5 gxf3 62. Kg5 f2 63. Kxh5 f1=Q 64. Kg6 Qf8
65. h5 Qh8 66. h6 Kb5 0-1

[Event "SR 2. liga A 2012/2013"]
[Site "?"]
[Date "2013.03.17"]
[Round "65.6"]
[White "Pericka, Tomas"]
[Black "Galan, Anton"]
[Result "1-0"]
[WhiteElo "2029"]
[BlackElo "1809"]
[PlyCount "71"]
[EventDate "2012.??.??"]
[WhiteTeam "Osuske B"]
[BlackTeam "DNV B"]

1. e4 Nf6 2. e5 Nd5 3. d4 d6 4. c4 Nb6 5. f4 dxe5 6. fxe5 Nc6 7. Be3 Bf5 8. Nc3
e6 9. Nf3 Be7 10. Be2 O-O 11. O-O f6 12. exf6 Bxf6 13. Qd2 Rf7 14. Rad1 Rd7 15.
Kh1 Nxd4 16. Nxd4 c5 17. Nxf5 Rxd2 18. Rxd2 Qc7 19. Nh6+ Kf8 20. Ne4 Nd7 21.
Rxd7 Qxd7 22. Bxc5+ Ke8 23. Rxf6 gxf6 24. Nxf6+ Kd8 25. Nxd7 Kxd7 26. Ng4 b6
27. Be3 Kd6 28. b4 a5 29. c5+ bxc5 30. bxc5+ Ke7 31. c6 Rb8 32. h3 Rb2 33. Ba6
Kd6 34. Bb7 e5 35. Nxe5 Rxa2 36. Nc4+ 1-0

[Event "SR 2. liga A 2012/2013"]
[Site "?"]
[Date "2013.03.17"]
[Round "65.7"]
[White "Juhas, Jan"]
[Black "Spacek, Marcel"]
[Result "0-1"]
[WhiteElo "1782"]
[BlackElo "1846"]
[PlyCount "82"]
[EventDate "2012.??.??"]
[WhiteTeam "DNV B"]
[BlackTeam "Osuske B"]

1. d4 Nf6 2. c4 g6 3. Nc3 Bg7 4. Nf3 O-O 5. Bg5 d6 6. e3 Na6 7. Be2 c5 8. d5
Nc7 9. O-O Rb8 10. Rb1 Bd7 11. a4 b6 12. Nb5 a6 13. Nxc7 Qxc7 14. Bd3 b5 15.
axb5 axb5 16. b3 Rb7 17. Qd2 Rfb8 18. Qc2 Be8 19. e4 Ra8 20. b4 bxc4 21. Qxc4
Bb5 22. Qc2 c4 23. Be2 Rba7 24. Nd4 Ba4 25. Qxc4 Nxe4 26. Nf3 Nc3 27. Qxc7
Nxe2+ 28. Kh1 Rxc7 29. Rbe1 Bb5 30. Bd2 Ra2 31. h3 Rcc2 32. Be3 Rcb2 33. g3
Rxb4 34. Rb1 Rxb1 35. Rxb1 Nc3 36. Rc1 Bc4 37. Nd4 Bxd5+ 38. Kh2 Ra3 39. Nb5
Nxb5 40. Rc8+ Bf8 41. Bh6 Ra8 0-1

[Event "SR 2. liga A 2012/2013"]
[Site "?"]
[Date "2013.03.17"]
[Round "66.1"]
[White "Hajek, Lukas"]
[Black "Skara, Vladimir"]
[Result "1/2-1/2"]
[WhiteElo "2155"]
[BlackElo "2222"]
[PlyCount "90"]
[EventDate "2012.??.??"]
[WhiteTeam "Doprastav C"]
[BlackTeam "Modra B"]

1. d4 Nf6 2. c4 c5 3. d5 e6 4. Nc3 exd5 5. cxd5 d6 6. e4 g6 7. f4 Bg7 8. Bb5+
Nfd7 9. a4 O-O 10. Nf3 Na6 11. O-O Nb4 12. Re1 a6 13. Bf1 Re8 14. Be3 Nf6 15.
Bf2 Bg4 16. Rc1 Rb8 17. h3 Bxf3 18. Qxf3 Qc7 19. Bc4 Nd7 20. Kh1 Nb6 21. Bf1
Qd7 22. a5 Na4 23. Nxa4 Qxa4 24. Ra1 Qd7 25. Qb3 Qc7 26. Qc4 b5 27. axb6 Rxb6
28. e5 dxe5 29. Bxc5 Rb5 30. Bxb4 Qxc4 31. Bxc4 Rxb4 32. b3 Rb6 33. Rxa6 Rxa6
34. Bxa6 Rd8 35. fxe5 Rxd5 36. e6 fxe6 37. Rxe6 Be5 38. Re8+ Kf7 39. Bc4 Kxe8
40. Bxd5 g5 41. Kg1 h5 42. h4 gxh4 43. Kf2 Kd7 44. Ke3 Kc7 45. Kd3 Kb6 1/2-1/2

[Event "SR 2. liga A 2012/2013"]
[Site "?"]
[Date "2013.03.17"]
[Round "66.2"]
[White "Federic, Jozef"]
[Black "Dudas, Jan"]
[Result "1/2-1/2"]
[WhiteElo "2299"]
[BlackElo "2220"]
[PlyCount "43"]
[EventDate "2012.??.??"]
[WhiteTeam "Modra B"]
[BlackTeam "Doprastav C"]

1. d4 d5 2. Nf3 Nf6 3. g3 g6 4. Bg2 Bg7 5. O-O O-O 6. c4 c6 7. Na3 Bf5 8. Qb3
Qb6 9. Qxb6 axb6 10. Ne5 dxc4 11. Naxc4 b5 12. Ne3 Be6 13. a3 Rd8 14. Rd1 Ra4
15. Nf3 Ne4 16. Rd3 b4 17. Bd2 bxa3 18. Raxa3 Rxa3 19. bxa3 Nxd2 20. Rxd2 Na6
21. Rb2 b5 22. Rc2 1/2-1/2

[Event "SR 2. liga A 2012/2013"]
[Site "?"]
[Date "2013.03.17"]
[Round "66.3"]
[White "Todor, Razvan"]
[Black "Federic, Pavol"]
[Result "0-1"]
[WhiteElo "2202"]
[BlackElo "2192"]
[PlyCount "70"]
[EventDate "2012.??.??"]
[WhiteTeam "Doprastav C"]
[BlackTeam "Modra B"]

1. c4 c5 2. g3 Nc6 3. Bg2 g6 4. Nc3 Bg7 5. Nf3 f5 6. d3 Nf6 7. d4 cxd4 8. Nxd4
O-O 9. Nb3 d6 10. O-O Be6 11. Nd5 Rc8 12. c5 Ne4 13. Nf4 Bf7 14. cxd6 exd6 15.
Nd3 a5 16. Nd2 d5 17. Nf3 Re8 18. h4 h6 19. Bh3 Qb6 20. Be3 Qa6 21. h5 Nxg3 22.
hxg6 Bxg6 23. fxg3 Rxe3 24. Nf4 Ne5 25. Nxd5 Nxf3+ 26. Rxf3 Rxe2 27. Bf1 Rce8
28. Bxe2 Rxe2 29. Rf2 Re4 30. Rc1 Bd4 31. Rc8+ Kg7 32. Rc7+ Bf7 33. Qh5 Bxf2+
34. Kxf2 Qe6 35. Nc3 Qb6+ 0-1

[Event "SR 2. liga A 2012/2013"]
[Site "?"]
[Date "2013.03.17"]
[Round "66.4"]
[White "Mydlarik, Martin"]
[Black "Varholakova, Niki"]
[Result "0-1"]
[WhiteElo "2114"]
[BlackElo "2200"]
[PlyCount "146"]
[EventDate "2012.??.??"]
[WhiteTeam "Modra B"]
[BlackTeam "Doprastav C"]

1. d4 d5 2. c4 e6 3. Nf3 Nf6 4. g3 c5 5. cxd5 cxd4 6. Bg2 Bb4+ 7. Bd2 Nxd5 8.
Nxd4 O-O 9. O-O Qb6 10. Bxb4 Nxb4 11. Nf3 N8c6 12. Nc3 Rd8 13. Qc1 Nd5 14. Rd1
Qa5 15. a3 Nxc3 16. Rxd8+ Nxd8 17. Qxc3 Qxc3 18. bxc3 Kf8 19. Ne5 Ke7 20. Rd1
f6 21. Nc4 Bd7 22. Nd6 Rb8 23. f4 Bc6 24. e4 Nf7 25. Nxf7 Kxf7 26. Kf2 Rc8 27.
Rb1 b6 28. Rb4 Ke7 29. Bf1 Bb7 30. c4 Rc5 31. Ke3 Bc6 32. Bd3 Kd6 33. Rb2 Ra5
34. Rb3 Kc5 35. e5 f5 36. Rc3 Bb7 37. g4 g6 38. g5 Ba6 39. Kd2 Ra4 40. Bc2 Rxc4
41. Rh3 Rd4+ 42. Kc3 Rd7 43. Bb3 Re7 44. Re3 Bb7 45. Rd3 Bd5 46. h4 b5 47. h5
gxh5 48. Bd1 h4 49. Rh3 a5 50. Rxh4 Rd7 51. Bc2 b4+ 52. axb4+ axb4+ 53. Kb2 Bc4
54. Bb3 Rd2+ 55. Kc1 Rf2 56. Bxc4 Kxc4 57. Rxh7 Rxf4 58. g6 Kd5 59. g7 Rg4 60.
Rh4 Rxg7 61. Rxb4 Kxe5 62. Kd2 Rg3 63. Ke2 Ra3 64. Kf2 Kf6 65. Ke2 e5 66. Rb8
e4 67. Rb5 Kg5 68. Rc5 Kf4 69. Rb5 Ra2+ 70. Ke1 e3 71. Rc5 Ke4 72. Rb5 f4 73.
Ra5 Rxa5 0-1

[Event "SR 2. liga A 2012/2013"]
[Site "?"]
[Date "2013.03.17"]
[Round "66.5"]
[White "Petrik, Stanislav"]
[Black "Banasova, Katarina"]
[Result "0-1"]
[WhiteElo "2171"]
[BlackElo "2142"]
[PlyCount "135"]
[EventDate "2012.??.??"]
[WhiteTeam "Doprastav C"]
[BlackTeam "Modra B"]

1. e4 c5 2. Nf3 e6 3. c4 d6 4. d4 cxd4 5. Nxd4 Nf6 6. Nc3 a6 7. Be2 Qc7 8. O-O
Be7 9. Be3 b6 10. Rc1 Bb7 11. f3 Nbd7 12. Nd5 exd5 13. cxd5 Qd8 14. Nc6 Bxc6
15. dxc6 Nc5 16. b4 Qc7 17. bxc5 dxc5 18. Qa4 O-O 19. Bxa6 Qa7 20. c7 Qxa6 21.
Qc6 Rfc8 22. Rfd1 Qe2 23. Bf2 Rxa2 24. Rf1 Qa6 25. e5 Ne8 26. Qd7 Kf8 27. f4
Rxc7 28. Qh3 Kg8 29. f5 Ra3 30. Bg3 Qc8 31. Qg4 Rd3 32. Ra1 Rd4 33. Qf3 Qd8 34.
f6 Bf8 35. e6 Nxf6 36. Ra8 Rc8 37. exf7+ Kxf7 38. Qb7+ Rd7 39. Qxc8 Qxc8 40.
Rxc8 Rb7 41. Be5 Be7 42. Rc6 Ke8 43. Rd1 b5 44. h3 Ra7 45. Re1 Kd7 46. Rb6 b4
47. g4 h6 48. Bb8 Ra8 49. Bg3 Ra7 50. Kg2 c4 51. Bb8 Ra2+ 52. Kh1 Bf8 53. Rd1+
Ke8 54. Rb7 c3 55. Be5 Re2 56. Bf4 Ne4 57. Ra1 Be7 58. Kg1 g5 59. Bc1 Nd2 60.
Ra8+ Kf7 61. Raa7 Kf6 62. Ra6+ Re6 63. Rxe6+ Kxe6 64. Kf2 Bc5+ 65. Ke2 Nb3 66.
Kd1 Kd5 67. Kc2 Kc4 68. Bb2 0-1

[Event "SR 2. liga A 2012/2013"]
[Site "?"]
[Date "2013.03.17"]
[Round "66.6"]
[White "Sustak, Roman"]
[Black "Petrik, Karol"]
[Result "0-1"]
[WhiteElo "1917"]
[BlackElo "2091"]
[PlyCount "142"]
[EventDate "2012.??.??"]
[WhiteTeam "Modra B"]
[BlackTeam "Doprastav C"]

1. d4 Nf6 2. c4 c5 3. d5 b5 4. cxb5 a6 5. e3 g6 6. Nc3 Bg7 7. Nf3 O-O 8. Be2
axb5 9. Bxb5 Bb7 10. O-O d6 11. Re1 Nbd7 12. e4 Qc7 13. Qe2 Ng4 14. Bf4 Rfb8
15. Rab1 Ra5 16. a4 Rba8 17. Rbc1 Ba6 18. Bxa6 R5xa6 19. Nb5 Qd8 20. b3 Nge5
21. Red1 Rb6 22. Bd2 Nxf3+ 23. Qxf3 c4 24. Bc3 Bxc3 25. Qxc3 cxb3 26. Qxb3 Nc5
27. Qe3 Rxa4 28. Nd4 Qa8 29. h4 Rbb4 30. h5 Qf8 31. e5 Rb7 32. h6 Qa8 33. Qg3
Rxd4 34. Rxd4 Nb3 35. Rdc4 Nxc1 36. Rxc1 Qf8 37. Qh3 Rb8 38. f4 Rd8 39. e6 f5
40. Rc7 Qf6 41. Qc3 Qxc3 42. Rxc3 Rb8 43. Kf2 Kf8 44. Ke3 Ke8 45. Kf3 Kd8 46.
g4 fxg4+ 47. Kxg4 Rb5 48. Rd3 Kc7 49. Ra3 Kb7 50. Rd3 Kb6 51. Kf3 Kc5 52. Ke3
Rb1 53. f5 gxf5 54. Kf4 Rf1+ 55. Kg5 f4 56. Kg4 f3 57. Kg3 Rh1 58. Rxf3 Kxd5
59. Rf7 Kxe6 60. Rxh7 d5 61. Kf4 Kf6 62. Rh8 e5+ 63. Ke3 Rh3+ 64. Ke2 Kf5 65.
h7 Ke4 66. Kf2 d4 67. Kg2 Rh6 68. Kf2 d3 69. Kf1 Ke3 70. Re8 d2 71. Rxe5+ Kd4
0-1

[Event "SR 2. liga A 2012/2013"]
[Site "?"]
[Date "2013.03.17"]
[Round "66.7"]
[White "Krajnak, Robert"]
[Black "Petrakovic, Kamil"]
[Result "0-1"]
[WhiteElo "2075"]
[BlackElo "1871"]
[PlyCount "120"]
[EventDate "2012.??.??"]
[WhiteTeam "Doprastav C"]
[BlackTeam "Modra B"]

1. c4 Nf6 2. Nc3 g6 3. g3 Bg7 4. Bg2 O-O 5. d3 c6 6. Qb3 d6 7. Nf3 Nbd7 8. O-O
Nc5 9. Qc2 Rb8 10. b4 Ncd7 11. Rb1 Ng4 12. Nd2 Qc7 13. Bb2 Ndf6 14. h3 Ne5 15.
d4 Ned7 16. Rfc1 e5 17. e3 exd4 18. exd4 b6 19. Re1 Ba6 20. Qa4 Bb7 21. Re7
Rfe8 22. Rbe1 a6 23. c5 Rxe7 24. Rxe7 Kf8 25. Re2 d5 26. Nf3 Ng8 27. Bc1 Bh6
28. Ng5 Bxg5 29. Bxg5 Re8 30. Rxe8+ Kxe8 31. Qd1 Bc8 32. Bf4 Qd8 33. a4 bxc5
34. dxc5 Qf6 35. Qe1+ Qe6 36. Qd2 Ndf6 37. b5 axb5 38. axb5 Ne7 39. Bd6 Nf5 40.
Bf4 Bb7 41. Bf1 Ne4 42. Nxe4 Qxe4 43. Bd3 Qe6 44. b6 Nd4 45. Kg2 Nb3 46. Qc2
Nd4 47. Qc3 Qf6 48. Qe1+ Ne6 49. Be5 Qe7 50. Qa1 Nxc5 51. Bf1 Ne6 52. Qa7 Qd7
53. Qb8+ Qc8 54. Qd6 Qd8 55. Qb4 f6 56. Bb2 Kf7 57. Qh4 Kg7 58. Bc1 Qxb6 59.
Qh6+ Kg8 60. h4 c5 0-1

[Event "SR 2. liga A 2012/2013"]
[Site "?"]
[Date "2013.03.17"]
[Round "66.8"]
[White "Hlubovic, Michal"]
[Black "Farkas, Vladimir"]
[Result "0-1"]
[WhiteElo "1834"]
[BlackElo "1898"]
[PlyCount "98"]
[EventDate "2012.??.??"]
[WhiteTeam "Modra B"]
[BlackTeam "Doprastav C"]

1. f4 d5 2. Nf3 c5 3. g3 Nf6 4. Bg2 Nc6 5. b3 g6 6. Bb2 Bg7 7. O-O O-O 8. h3 b6
9. Kh2 Ng4+ 10. hxg4 Bxb2 11. Nc3 Bxa1 12. Qxa1 Bxg4 13. d3 Rc8 14. e4 d4 15.
Nd1 f6 16. Nf2 Bxf3 17. Bxf3 Kg7 18. Kg2 Rh8 19. a3 e6 20. Qe1 Qe7 21. Rh1 h6
22. Rh2 Nd8 23. e5 f5 24. Qh1 Nf7 25. g4 g5 26. gxf5 exf5 27. Rh5 Qe6 28. Qh3
Qg6 29. Kf1 Rce8 30. Bd5 g4 31. Qh4 Nd8 32. Nh1 Ne6 33. Ng3 Rhf8 34. Ne2 Nc7
35. Bg2 Rd8 36. Ng3 Ne6 37. Ne2 Rd7 38. Bc6 Rdd8 39. Qh2 Rf7 40. Rh4 Rc7 41.
Bb5 Re7 42. Qf2 Nc7 43. a4 a6 44. Bc4 b5 45. Ng3 bxc4 46. Nh5+ Kf7 47. dxc4 Ne8
48. Qh2 d3 49. cxd3 Qc6 0-1

[Event "SR 2. liga A 2012/2013"]
[Site "?"]
[Date "2012.12.02"]
[Round "21.4"]
[White "Svaralova, Monika"]
[Black "Ivan, Imrich 1974"]
[Result "0-1"]
[WhiteElo "2021"]
[BlackElo "2086"]
[PlyCount "144"]
[EventDate "2012.??.??"]
[WhiteTeam "DNV B"]
[BlackTeam "D. Streda B"]

1. d4 e6 2. c4 Nf6 3. Nc3 d5 4. cxd5 exd5 5. Bg5 Be7 6. e3 h6 7. Bh4 O-O 8. Bd3
Be6 9. Nge2 Nbd7 10. O-O Nh5 11. Bxe7 Qxe7 12. Qc2 c6 13. f3 f5 14. e4 fxe4 15.
fxe4 Qg5 16. e5 Bh3 17. Bh7+ Kh8 18. Qg6 Qe3+ 19. Kh1 Rf2 20. Rxf2 Qxf2 21.
gxh3 Qf3+ 22. Kg1 Rf8 23. Qg4 Kxh7 24. Qxf3 Rxf3 25. Rf1 Rxf1+ 26. Kxf1 Kg6 27.
Kf2 Nf8 28. h4 Ne6 29. Kf3 Kf5 30. Nd1 g5 31. hxg5 Nxg5+ 32. Ke3 Ne4 33. Nf2
Nxf2 34. Kxf2 c5 35. Ke3 b6 36. Nc3 Nf4 37. Nb5 Ne6 38. dxc5 bxc5 39. Nxa7 d4+
40. Kd3 Kxe5 41. Nc6+ Kd6 42. Na5 Kd5 43. b3 Ng5 44. h4 Nf3 45. h5 Ne5+ 46. Ke2
Ng4 47. Kf3 Nf6 48. Nc4 Nxh5 49. a4 Nf6 50. Kf4 Kc6 51. Ne5+ Kd5 52. Nc4 Kc6
53. Ne5+ Kb6 54. Nd3 Nd7 55. Kf5 Kc6 56. Ke6 h5 57. Nf4 h4 58. Kf5 Kd6 59. Kg4
Ke5 60. Nh3 Ke4 61. Kxh4 Ke3 62. Kg3 d3 63. Nf2 d2 64. Nd1+ Kd3 65. Kf3 Ne5+
66. Kf4 Nc6 67. Nf2+ Kc2 68. Ke3 Na5 69. Ke4 Nxb3 70. Kd5 Nc1 71. Kc4 Nd3 72.
Ng4 Ne5+ 0-1

[Event "SR 2. liga A 2012/2013"]
[Site "?"]
[Date "2013.02.02"]
[Round "39.4"]
[White "Sosovicka, Juraj"]
[Black "Ivan, Imrich 1974"]
[Result "1-0"]
[WhiteElo "2089"]
[BlackElo "2086"]
[PlyCount "109"]
[EventDate "2012.??.??"]
[WhiteTeam "DNV A"]
[BlackTeam "D. Streda B"]

1. e4 e6 2. d4 d5 3. Nd2 dxe4 4. Nxe4 Nd7 5. Nf3 Ngf6 6. Nxf6+ Nxf6 7. c3 Be7
8. Ne5 O-O 9. Bd3 c5 10. Be3 cxd4 11. Bxd4 Qc7 12. O-O b6 13. Ng4 Qf4 14. Nxf6+
Bxf6 15. g3 Qh6 16. Be4 Rb8 17. Bxf6 Qxf6 18. Qa4 Bb7 19. Bxb7 Rxb7 20. Rad1
Rd8 21. Rxd8+ Qxd8 22. Rd1 Qc8 23. Rd6 Re7 24. Qd4 Re8 25. Rd7 Qa8 26. Qa4 a5
27. Qf4 Rf8 28. Qc7 b5 29. Qb7 g6 30. Rxf7 Qxb7 31. Rxb7 Rf5 32. Rd7 Rc5 33.
Kf1 b4 34. cxb4 axb4 35. Ke2 Ra5 36. Rb7 Rxa2 37. Rxb4 Kf7 38. h4 Kf6 39. Kd3
Ra1 40. Rf4+ Ke5 41. Kc4 Rc1+ 42. Kb5 h6 43. b4 Rc8 44. Ka6 g5 45. hxg5 hxg5
46. Rf3 Rc2 47. b5 Kd5 48. Kb7 g4 49. Rf7 Rb2 50. b6 Kc5 51. Rc7+ Kd6 52. Ka7
Rxf2 53. b7 Ra2+ 54. Kb8 Ra3 55. Kc8 1-0

[Event "SR 2. liga A 2013/2014"]
[Site "?"]
[Date "2013.10.19"]
[Round "1.1"]
[White "Sipos, Istvan"]
[Black "Rohacek, Miroslav"]
[Result "0-1"]
[WhiteElo "2465"]
[BlackElo "2246"]
[PlyCount "90"]
[EventDate "2013.??.??"]

1. c4 e5 2. Nc3 Nf6 3. Nf3 Nc6 4. e4 Bb4 5. d3 Bxc3+ 6. bxc3 h6 7. g3 d6 8. Bg2
O-O 9. O-O a6 10. a4 b6 11. Nh4 Bd7 12. Ra2 Rb8 13. Qe1 Na5 14. f4 Nb3 15. Be3
Ng4 16. f5 Nxe3 17. Qxe3 Qg5 18. Qe1 Nc5 19. d4 Nxa4 20. f6 b5 21. cxb5 axb5
22. Raf2 g6 23. Nf3 Qh5 24. Qe3 Nb6 25. d5 Nc4 26. Qc1 Ra8 27. h4 Kh7 28. Nh2
g5 29. g4 Qxh4 30. Rf3 Bxg4 31. R3f2 Bd7 32. Nf3 Qf4 33. Nd2 Qe3 34. Re1 Qg3
35. Rf3 Qh4 36. Nxc4 bxc4 37. Rf2 Rg8 38. Bf1 Rg6 39. Qe3 g4 40. Rh2 Qxf6 41.
Bxc4 Qf4 42. Qd3 Qg5 43. Rf1 g3 44. Rb2 Bh3 45. Rfb1 Qf4 0-1

[Event "SR 2. liga A 2013/2014"]
[Site "?"]
[Date "2013.10.19"]
[Round "1.1"]
[White "Kovac, Andrej"]
[Black "Janko, Michal"]
[Result "0-1"]
[WhiteElo "2171"]
[BlackElo "2260"]
[PlyCount "89"]
[EventDate "2013.??.??"]

1. Nf3 d6 2. d4 Bg4 3. e4 Nf6 4. h3 Bh5 5. Nc3 e6 6. Bg5 Be7 7. Be2 c6 8. Qd2
h6 9. Bxf6 Bxf6 10. g4 Bg6 11. O-O-O Nd7 12. Qe3 Qa5 13. Nd2 b5 14. Nb3 Qb6 15.
f4 a5 16. g5 Be7 17. Rdf1 e5 18. gxh6 gxh6 19. a4 bxa4 20. Nxa4 Qb4 21. dxe5
dxe5 22. Bg4 Qxa4 23. Bxd7+ Kxd7 24. f5 Bh5 25. f6 Bd6 26. Rf5 Bg6 27. Rxe5 Kc7
28. Qc3 Qb4 29. Qg3 Bxe5 30. Qxe5+ Qd6 31. Qc3 Qb4 32. Qg3+ Kb7 33. e5 Rhd8 34.
h4 a4 35. Nc5+ Kb6 36. Nd3 Qd4 37. Qf4 a3 38. bxa3 Qa1+ 39. Kd2 Rxd3+ 40. cxd3
Qxh1 41. Qf2+ c5 42. Qf4 Qg2+ 43. Ke3 Qg1+ 44. Kd2 Qd4 45. Kc2 0-1

[Event "SR 2. liga A 2013/2014"]
[Site "?"]
[Date "2013.10.19"]
[Round "1.1"]
[White "Farkas, Gabor"]
[Black "Kralovic, Andrej"]
[Result "1-0"]
[WhiteElo "2307"]
[BlackElo "2172"]
[PlyCount "71"]
[EventDate "2013.??.??"]

1. d4 d5 2. c4 c6 3. Nf3 Nf6 4. Nc3 a6 5. a4 e6 6. g3 dxc4 7. Ne5 c5 8. dxc5
Qxd1+ 9. Nxd1 Bd7 10. Bg2 Bc6 11. Nxc6 Nxc6 12. Be3 Nd5 13. O-O Rc8 14. Rc1 Na5
15. Bxd5 exd5 16. Nc3 Bxc5 17. Nxd5 Bxe3 18. fxe3 Rc5 19. Rf5 Nb3 20. Rd1 g6
21. Nf6+ Ke7 22. Rf4 Ke6 23. Nd7 Ra5 24. Re4+ Kf5 25. Re7 Kg5 26. Rxf7 Rf5 27.
Nf6 Nc5 28. h4+ Kh6 29. g4 Rxf6 30. g5+ Kh5 31. gxf6 Kxh4 32. Rd4+ Kg3 33. Re7
Nb3 34. f7 Rf8 35. Rf4 Nc1 36. Rf3+ 1-0

[Event "SR 2. liga A 2013/2014"]
[Site "?"]
[Date "2013.10.19"]
[Round "1.1"]
[White "Machalova, Erika"]
[Black "Krajnak, Martin"]
[Result "1/2-1/2"]
[WhiteElo "2096"]
[BlackElo "2229"]
[PlyCount "70"]
[EventDate "2013.??.??"]

1. d4 Nf6 2. c4 Nc6 3. Nf3 d6 4. Nc3 e5 5. dxe5 Nxe5 6. Nxe5 dxe5 7. Qxd8+ Kxd8
8. Bg5 c6 9. O-O-O+ Kc7 10. Bxf6 gxf6 11. e3 f5 12. g3 h5 13. Be2 h4 14. Nb1
Be6 15. Nd2 Bg7 16. Kb1 Rad8 17. Nf3 Rxd1+ 18. Rxd1 hxg3 19. hxg3 Bf6 20. b3 c5
21. Kc2 b6 22. Rg1 Bd7 23. Bf1 Bc6 24. Ne1 f4 25. Bg2 Bxg2 26. Rxg2 Rh1 27. Kd2
fxe3+ 28. fxe3 Kd6 29. e4 Bg5+ 30. Ke2 Ke6 31. Nf3 f6 32. Rg1 Rh5 33. Rg2 Rh1
34. Rg1 Rh5 35. Rg2 Rh1 1/2-1/2

[Event "SR 2. liga A 2013/2014"]
[Site "?"]
[Date "2013.10.19"]
[Round "1.1"]
[White "Balogh, Peter"]
[Black "Padysak, Tomas"]
[Result "1-0"]
[WhiteElo "2081"]
[BlackElo "2065"]
[PlyCount "76"]
[EventDate "2013.??.??"]

1. e4 e5 2. Nf3 Nc6 3. Bc4 Nf6 4. d4 exd4 5. O-O Nxe4 6. Re1 d5 7. Bxd5 Qxd5 8.
Nc3 Qh5 9. Nxe4 Be6 10. Bg5 Bd6 11. Nxd6+ cxd6 12. Bf4 O-O-O 13. Nxd4 Qxd1 14.
Raxd1 Nxd4 15. Rxd4 d5 16. Be5 Rhg8 17. Ra4 a6 18. Re3 Bd7 19. Rc3+ Bc6 20.
Rxa6 bxa6 21. Rxc6+ Kd7 22. Rxa6 Rge8 23. f4 f6 24. Ra7+ Kc6 25. Bd4 Rd7 26.
Ra5 Re4 27. c3 Rxf4 28. b4 Re7 29. b5+ Kd6 30. Ra6+ Kd7 31. h3 Re1+ 32. Kh2 Rb1
33. a4 Re4 34. Ra7+ Kc8 35. Rxg7 Ra1 36. Rxh7 Rxa4 37. Bxf6 Ra2 38. b6 Rb2 1-0